000 00605cab a2200217 4500
001 WB2927-49
008 090401t1993 xxu||||| |||| 00| 0 eng d
035 _a(Sirsi) u72311
041 _aeng
245 _aVAT legislation and LPA receivers
260 _c1993
350 _a0
490 _aCSW - The Property Week
_v44(3) 15 July 1993, 56(1)
520 _aOutlines VAT legislation applicable to the Law of Property Act Receivers.
650 _aLAW OF PROPERTY ACT RECEIVERS
650 _aLPA RECEIVERS
650 _aVALUE ADDED TAX
690 _aTAXATION
942 _n0
948 _c04/03/1997
999 _c45674
_d45674